Organization Development : Its nature, origins, and prospects

Bibliographic Details
Main Author: Bennis, Warren G.
Format: Book
Published: Reading, Massachusetts : Addison, Wesley , 1969
Series:Addison - Wesley Series in organization development
Subjects:

MARC

LEADER 00000cam a2200000 7i4500
001 0000002603
005 20050506.0
020 |a 0201005239 
040 |a INS 
090 0 0 |a HM131.   |b B435 1969 
100 1 |a Bennis, Warren G. 
245 1 0 |a Organization Development :   |b Its nature, origins, and prospects   |c Warren G. Bennis 
260 |a Reading, Massachusetts :   |b Addison, Wesley ,   |c 1969 
300 |a viii, 87p. ;   |c 21 cm. 
440 0 |a Addison - Wesley Series in organization development 
650 0 0 |a Organization behaviour 
650 0 0 |a Organizational change 
999 |a 0000000934   |b BOOK   |c Open Shelf   |e Default branch